Competencia desleal : la economía del engaño /

La Ley N˚ 20.169 protege en Chile a competidores y consumidores de la competencia desleal. Es plausible pensar que la Ley exige a los jueces acreditar la aptitud de una conducta potencialmente desleal para desviar clientes desde un competidor a otro, por lo que resulta indispensable evaluar desde la...

Descripción completa

Detalles Bibliográficos
Autor principal: Sanhueza, Ricardo
Otros Autores: Mordoj, Benjamín
Formato: Analitica de revista
Lenguaje:español
Publicado: Santiago, Chile CEP 2011
Acceso en línea:Acceso electrónico al documento

MARC

LEADER 00000cab a2200000 a 4500
001 032133
003 UAHC_CL
005 20170803123444.0
008 111206b2011 cl 000 spa
040 |a UAHC_CL  |c UAHC_CL  |d UAHC_CL 
100 1 |a Sanhueza, Ricardo 
245 1 0 |a Competencia desleal :  |b la economía del engaño /  |c Ricardo Sanhueza, Benjamín Mordoj. 
260 |b CEP  |a Santiago, Chile  |c 2011 
300 |a p. 23-43 
500 |a En: Estudios Públicos. -- Nº 124(primavera, 2011), p. 23-43. ISSN 0716-1115 
500 |a En: Estudios Públicos. -- Nº 124(primavera, 2011), p. 23-43. ISSN 0716-1115 
500 |a En: Estudios Públicos. -- N∫ 124(primavera, 2011), p. 23-43. ISSN 0716-1115 
520 |a La Ley N˚ 20.169 protege en Chile a competidores y consumidores de la competencia desleal. Es plausible pensar que la Ley exige a los jueces acreditar la aptitud de una conducta potencialmente desleal para desviar clientes desde un competidor a otro, por lo que resulta indispensable evaluar desde la perspectiva económica cuándo una conducta supuestamente desleal es apta para producir el desvío del comercio. Se plantea que cuando se trata de información falsa sobre los atributos de los productos, aplicar la Ley sólo podría tener sentido cuando se trata de bienes de experiencia y de confianza. Asimismo, se plantea que la usurpación de la identidad de un rival constituye un acto de competencia desleal especialmente relevante porque no sólo busca desviar clientela, sino que destruye un mecanismo de mercado para informar verazmente sobre los atributos de los productos. Considerando que la ley otorga competencia para conocer este tipo de conflictos a los tribunales ordinarios de justicia, este trabajo puede servir como una guía simple para una interpretación y aplicación de la Ley. 
520 |a La Ley N° 20.169 protege en Chile a competidores y consumidores de la competencia desleal. Es plausible pensar que la Ley exige a los jueces acreditar la aptitud de una conducta potencialmente desleal para desviar clientes desde un competidor a otro, por lo que resulta indispensable evaluar desde la perspectiva económica cuándo una conducta supuestamente desleal es apta para producir el desvío del comercio. Se plantea que cuando se trata de información falsa sobre los atributos de los productos, aplicar la Ley sólo podría tener sentido cuando se trata de bienes de experiencia y de confianza. Asimismo, se plantea que la usurpación de la identidad de un rival constituye un acto de competencia desleal especialmente relevante porque no sólo busca desviar clientela, sino que destruye un mecanismo de mercado para informar verazmente sobre los atributos de los productos. Considerando que la ley otorga competencia para conocer este tipo de conflictos a los tribunales ordinarios de justicia, este trabajo puede servir como una guía simple para una interpretación y aplicación de la Ley. 
520 |a La Ley Nç 20.169 protege en Chile a competidores y consumidores de la competencia desleal. Es plausible pensar que la Ley exige a los jueces acreditar la aptitud de una conducta potencialmente desleal para desviar clientes desde un competidor a otro, por lo que resulta indispensable evaluar desde la perspectiva econÛmica cu·ndo una conducta supuestamente desleal es apta para producir el desvÌo del comercio. Se plantea que cuando se trata de informaciÛn falsa sobre los atributos de los productos, aplicar la Ley sÛlo podrÌa tener sentido cuando se trata de bienes de experiencia y de confianza. Asimismo, se plantea que la usurpaciÛn de la identidad de un rival constituye un acto de competencia desleal especialmente relevante porque no sÛlo busca desviar clientela, sino que destruye un mecanismo de mercado para informar verazmente sobre los atributos de los productos. Considerando que la ley otorga competencia para conocer este tipo de conflictos a los tribunales ordinarios de justicia, este trabajo puede servir como una guÌa simple para una interpretaciÛn y aplicaciÛn de la Ley. 
700 1 |a Mordoj, Benjamín 
700 1 |a Mordoj, Benjamín 
759 |a PP068 
773 0 |t Estudios públicos  |w 032045 
856 |u http://www.cepchile.cl/dms/archivo_4744_2876/rev120_BLara_AMizala_ARepetto.pdf  |3 Acceso electrónico al documento  |y Acceso electrónico al documento 
856 |u http://www.cepchile.cl/dms/archivo_4744_2876/rev120_BLara_AMizala_ARepetto.pdf  |3 Acceso electrónico al documento  |y Acceso electrónico al documento 
900 |a ESTUD. PUBLICOS-124/11 
942 |c REVA 
952 |0 0  |1 0  |4 0  |6 ESTUD___PUBLICOS124_11_000000000000000  |7 0  |8 General  |9 62413  |a BC  |b BC  |c General  |d 2017-08-03  |l 0  |o ESTUD. PUBLICOS-124/11  |p FICTICIO2894  |r 2019-01-08 00:00:00  |t 1  |w 2017-08-03  |y REVA 
999 |c 32133  |d 32133